000 00667nam a2200241Ia 4500
003 OSt
005 20220927105655.0
006 a|||||r|||| 00| 0
007 ta
008 220926b |||||||| |||| 00| 0 eng d
024 _a197349
037 _cReference Collections
040 _aRTL
_cRTL
_beng
041 _2eng
_aeng
082 _a"X.1(x).N5, K0"
100 _aShonfield Andrew
_9374182
245 0 _aThe Attack on World Poverty
260 _aLondon
_bChatto & Windus
_c1960
300 _a243p.
_ccm.
500 _aBibliography chapterwise
942 _h"X.1(x).N5, K0"
_cCC
999 _c693878
_d693878